| 000 | 00739nam a2200241 a 4500 | ||
|---|---|---|---|
| 001 | BRCA_5669 | ||
| 005 | 20190320205156.0 | ||
| 008 | 220211t1928----fr-a######---#000-0#fre-# | ||
| 041 | _afre | ||
| 044 | _afr | ||
| 050 | 4 |
_aNK1860 _b.G73 6 1928 |
|
| 245 | 1 | 0 | _aLa renaissance italienne. |
| 260 |
_aParís _bFlammarion _c1928 |
||
| 300 |
_a63 p. (v.4) _bil., 9 láminas _c22 cm. |
||
| 440 | 0 |
_aLa grammaire des styles _v4 _914406 |
|
| 500 | _aVer también F134 (v.6), F135 (v.7), F136 (v.8), F137 (v.16) y F138 (v.5) | ||
| 500 | _aF139 | ||
| 650 | 1 | 4 |
_aDecoración y ornamentación renacentista _914407 |
| 650 | 1 | 4 |
_aDecoración y ornamentación _zItalia _914338 |
| 700 | 1 |
_aMartin, Henry _eed. _914408 |
|
| 902 | _aGFM | ||
| 942 |
_2lcc _cB |
||
| 999 |
_c5362 _d5362 |
||